Conceptual physical science / (Record no. 289017)
[ view plain ]
| 000 -LEADER | |
|---|---|
| fixed length control field | 01100cam a2200337 a 4500 |
| 001 - CONTROL NUMBER | |
| control field | 16901757 |
| 003 - CONTROL NUMBER IDENTIFIER | |
| control field | PILC |
| 005 - DATE AND TIME OF LATEST TRANSACTION | |
| control field | 20160104090835.0 |
| 008 - FIXED-LENGTH DATA ELEMENTS--GENERAL INFORMATION | |
| fixed length control field | 110803s2012 maua 001 0 eng |
| 010 ## - LIBRARY OF CONGRESS CONTROL NUMBER | |
| LC control number | 2011029644 |
| 020 ## - INTERNATIONAL STANDARD BOOK NUMBER | |
| International Standard Book Number | 9780321753342 (hbk. : student edition) |
| 020 ## - INTERNATIONAL STANDARD BOOK NUMBER | |
| International Standard Book Number | 9780321798336 |
| 020 ## - INTERNATIONAL STANDARD BOOK NUMBER | |
| International Standard Book Number | 0321798333 |
| 040 ## - CATALOGING SOURCE | |
| Original cataloging agency | DLC |
| Transcribing agency | DLC |
| Modifying agency | DLC |
| 042 ## - AUTHENTICATION CODE | |
| Authentication code | pcc |
| 050 00 - LIBRARY OF CONGRESS CALL NUMBER | |
| Classification number | Q 158.5 |
| Item number | .H48 2012 |
| 082 00 - DEWEY DECIMAL CLASSIFICATION NUMBER | |
| Classification number | 500.2 |
| 100 1# - MAIN ENTRY--PERSONAL NAME | |
| Personal name | Hewitt, Paul G. |
| 245 10 - TITLE STATEMENT | |
| Title | Conceptual physical science / |
| Statement of responsibility, etc | Paul G. Hewitt, John Suchocki, Leslie A. Hewitt. |
| 250 ## - EDITION STATEMENT | |
| Edition statement | 5th edition. |
| 260 ## - PUBLICATION, DISTRIBUTION, ETC. (IMPRINT) | |
| Place of publication, distribution, etc | Boston : |
| Name of publisher, distributor, etc | Pearson, |
| Date of publication, distribution, etc | 2012. |
| 300 ## - PHYSICAL DESCRIPTION | |
| Extent | xx, 790 pages : |
| Other physical details | illustrations ; |
| Dimensions | 28 cm. |
| 500 ## - GENERAL NOTE | |
| General note | "International edition"--Cover. |
| 500 ## - GENERAL NOTE | |
| General note | Includes index. |
| 650 #0 - SUBJECT ADDED ENTRY--TOPICAL TERM | |
| Topical term or geographic name as entry element | Physical sciences |
| Form subdivision | Textbooks. |
| 700 1# - ADDED ENTRY--PERSONAL NAME | |
| Personal name | Suchocki, John. |
| 700 1# - ADDED ENTRY--PERSONAL NAME | |
| Personal name | Hewitt, Leslie A. |
| 906 ## - LOCAL DATA ELEMENT F, LDF (RLIN) | |
| a | 7 |
| b | cbc |
| c | orignew |
| d | 3 |
| e | ecip |
| f | 20 |
| g | y-gencatlg |
| 942 ## - ADDED ENTRY ELEMENTS (KOHA) | |
| Source of classification or shelving scheme | Library of Congress Classification |
| Koha item type | Books |
| Call number prefix | Foreign |
| Withdrawn status | Lost status | Source of classification or shelving scheme | Damaged status | Home library | Current library | Shelving location | Date acquired | Source of acquisition | Sub Shelving location | Total Checkouts | Full call number | Barcode | Date last seen | Price effective from | Koha item type |
|---|---|---|---|---|---|---|---|---|---|---|---|---|---|---|---|
| Library of Congress Classification | College Library | College Library | Reserve Section | 01/04/2016 | Library Fund | Q 158.5 .H48 2012 | C20319 | 05/15/2018 | 01/04/2016 | Books |